000 00432nam a22001697a 4500
003 MPLRDC
005 20220104142510.0
008 210129b ||||| |||| 00| 0 eng d
082 _a857.49 HJL
100 _a韩进廉
245 _a红学史稿
_c
250 _a一版一刷
260 _a
_b河北人民出版社
_c1982
300 _b
650 _a话本小说及章回--红楼梦研究与评论
942 _cBK
_o857.49 HJL
999 _c31380
_d31370